000 00358 a2200157 4500
001 74430
020 _a8516049868
040 _cAnchieta - Colégio São Paulo
100 _aCarrasco, Walcyr
240 1 0 _aCamarões X tartarugas
_lpor
245 1 0 _aCamarões X tartarugas
300 _a72
362 0 _a2006
650 4 _aLiteratura infantil
942 _cBK
999 _c74430
_d74430